Hệ thống các văn bản pháp quy về lao động xã hội

Wedi'i Gadw mewn:
Manylion Llyfryddiaeth
Prif Awdur: Đỗ Đức Cường
Fformat: Llyfr
Iaith:Undetermined
Cyhoeddwyd: Hà Nội Lao Động 2001
Pynciau:
Tagiau: Ychwanegu Tag
Dim Tagiau, Byddwch y cyntaf i dagio'r cofnod hwn!
Thư viện lưu trữ: Trung tâm Học liệu Trường Đại học Cần Thơ
LEADER 00597nam a2200169Ia 4500
001 CTU_46602
008 210402s9999 xx 000 0 und d
082 |a 352.6 
082 |b C561/T2 
100 |a Đỗ Đức Cường 
245 0 |a Hệ thống các văn bản pháp quy về lao động xã hội 
245 0 |c Đỗ Đức Cường, Đỗ Như Khuê 
260 |a Hà Nội 
260 |b Lao Động 
260 |c 2001 
650 |a administrative law ( vietnamese law ),labor costs,labor policy 
980 |a Trung tâm Học liệu Trường Đại học Cần Thơ